Biggest U.S. Cities A-Z - Extreme - Statistics

General Stats
  • This quiz has been taken 132 times
  • The average score is 72 of 103
Answer Stats
Letter Population State City % Correct
A 964,254 Texas Austin
100%
C 2,705,994 Illinois Chicago
98%
D 1,347,120 Texas Dallas
98%
B 694,583 Massachusetts Boston
97%
A 506,811 Georgia Atlanta
96%
D 749,103 Colorado Denver
96%
N 8,230,290 New York New York City
96%
O 669,347 Oklahoma Oklahoma City
96%
A 560,218 New Mexico Albuquerque
95%
D 664,139 Michigan Detroit
95%
H 2,323,660 Texas Houston
95%
L 3,983,540 California Los Angeles
95%
M 478,251 Florida Miami
95%
N 388,424 Louisiana New Orleans
95%
P 1,585,010 Pennsylvania Philadelphia
95%
S 883,255 California San Francisco
95%
B 602,495 Maryland Baltimore
94%
H 341,302 Hawaii Honolulu
94%
L 667,501 Nevada Las Vegas
94%
M 655,011 Tennessee Memphis
94%
N 678,448 Tennessee Nashville
94%
P 662,549 Oregon Portland
94%
K 501,957 Missouri Kansas City
93%
K 152,950 Kansas Kansas City
93%
O 290,520 Florida Orlando
93%
P 1,733,360 Arizona Phoenix
93%
S 1,581,730 Texas San Antonio
93%
I 887,232 Indiana Indianapolis
92%
C 913,921 Ohio Columbus
91%
J 154,340 Mississippi Jackson
91%
J 929,647 Florida Jacksonville
91%
P 299,718 Pennsylvania Pittsburgh
91%
W 714,153 District of Columbia Washington
91%
S 1,427,720 California San Diego
90%
T 404,636 Florida Tampa
90%
C 912,096 North Carolina Charlotte
89%
O 479,978 Nebraska Omaha
89%
E 685,434 Texas El Paso
88%
L 615,924 Kentucky Louisville
88%
M 587,721 Wisconsin Milwaukee
88%
N 282,529 New Jersey Newark
87%
R 483,579 North Carolina Raleigh
87%
B 256,304 New York Buffalo
86%
C 489,529 Colorado Colorado Springs
85%
F 537,100 California Fresno
85%
R 232,866 Virginia Richmond
84%
S 1,009,340 California San Jose
84%
T 402,742 Oklahoma Tulsa
84%
W 391,352 Kansas Wichita
83%
T 554,503 Arizona Tucson
82%
F 942,323 Texas Fort Worth
81%
R 266,511 Nevada Reno
81%
V 450,224 Virginia Virginia Beach
81%
T 268,609 Ohio Toledo
80%
B 383,579 California Bakersfield
79%
M 538,146 Arizona Mesa
78%
J 258,523 New Jersey Jersey City
77%
O 440,981 California Oakland
76%
Y 201,344 New York Yonkers
75%
D 287,865 North Carolina Durham
74%
E 176,464 Oregon Eugene
70%
F 276,286 Indiana Fort Wayne
68%
K 188,085 Tennessee Knoxville
68%
I 298,739 California Irvine
66%
G 301,094 North Carolina Greensboro
64%
H 341,531 Nevada Henderson
64%
A 398,112 Texas Arlington
63%
U 59,170 New York Utica
61%
I 236,546 Texas Irving
59%
H 230,315 Florida Hialeah
58%
J 146,572 Illinois Joliet
57%
Q 94,604 Massachusetts Quincy
57%
Q 39,751 Illinois Quincy
57%
Y 99,559 Arizona Yuma
56%
L 456,154 California Long Beach
55%
R 334,772 California Riverside
55%
V 187,615 Washington Vancouver
54%
G 257,233 Arizona Glendale
53%
W 185,174 Massachusetts Worcester
53%
W 250,765 North Carolina Winston-Salem
49%
G 262,514 Arizona Gilbert
45%
I 115,982 Missouri Independence
44%
K 157,632 Texas Killeen
43%
G 236,366 Texas Garland
42%
E 130,450 New Jersey Elizabeth
37%
F 247,708 California Fremont
37%
X 25,944 Ohio Xenia
35%
X 392 Illinois Xenia
35%
X 289 Kansas Xenia
35%
Z 23,155 Illinois Zion
34%
Y 93,815 Washington Yakima
30%
U 73,201 California Union City
29%
U 67,698 New Jersey Union City
29%
V 136,959 California Visalia
28%
E 179,119 California Elk Grove
22%
V 123,251 California Victorville
22%
Z 25,142 Ohio Zanesville
22%
Q 58,424 Arizona Queen Creek
20%
U 77,754 California Upland
15%
Y 67,640 California Yuba City
15%
Z 29,189 Indiana Zionsville
14%
Q 8,732 Pennsylvania Quakertown
10%
Z 18,705 Louisiana Zachary
9%
No matching quizzes found
Score Distribution
Percent of People with Each Score
Percentile by Number Answered
Your Score History
You have not taken this quiz